Catálogo
 En Linea

La mosca y el frasco : (Registro nro. 24227)

Detalles MARC
000 -CABECERA
campo de control de longitud fija 00946nam a2200265 a 4500
001 - NÚMERO DE CONTROL
campo de control 000024734
005 - FECHA Y HORA DE LA ÚLTIMA TRANSACCIÓN
campo de control 20200930023334.0
008 - DATOS DE LONGITUD FIJA--INFORMACIÓN GENERAL
campo de control de longitud fija 110203s1976 mx r 000 0 spa d
020 ## - NÚMERO INTERNACIONAL ESTÁNDAR DEL LIBRO
Número Internacional Estándar del Libro 8437500516
040 ## - FUENTE DE LA CATALOGACIÓN
Centro catalogador/agencia de origen DO-SdBNP
Lengua de catalogación spa
Centro/agencia transcriptor BNPHU
082 ## - NÚMERO DE LA CLASIFICACIÓN DECIMAL DEWEY
Número de clasificación 824.91
Número de documento/Ítem M498m
049 ## - FONDOS LOCALES (OCLC)
Fondos de biblioteca BNGR
100 1# - ENTRADA PRINCIPAL--NOMBRE DE PERSONA
Nombre de persona Mehta, Ved,
Fechas asociadas al nombre 1934-
9 (RLIN) 50746
240 10 - TÍTULO UNIFORME
Título uniforme The fly and the fly-bottle.
Lenguaje de la obra Español.
245 10 - MENCIÓN DE TÍTULO
Título La mosca y el frasco :
Resto del título encuentros con intelectuales británicos /
Mención de responsabilidad, etc. Ved Mehta ; traducción del inglés de Augusto Monterroso y Edmundo Flores.
260 ## - PUBLICACIÓN, DISTRIBUCIÓN, ETC.
Lugar de publicación, distribución, etc. México, D. F. :
Nombre del editor, distribuidor, etc. Fondo de Cultura Económica,
Fecha de publicación, distribución, etc. 1976.
300 ## - DESCRIPCIÓN FÍSICA
Extensión 261, [2] p. ;
Dimensiones 17 cm.
490 1# - MENCIÓN DE SERIE
Mención de serie Popular
534 ## - NOTA SOBRE LA VERSIÓN ORIGINAL
Encabezamiento principal del original Título original inglés:
Mención de título del original The fly and the fly-bottle
650 #4 - PUNTO DE ACCESO ADICIONAL DE MATERIA--TÉRMINO DE MATERIA
Término de materia o nombre geográfico como elemento de entrada Ensayos ingleses
9 (RLIN) 42620
650 #4 - PUNTO DE ACCESO ADICIONAL DE MATERIA--TÉRMINO DE MATERIA
Término de materia o nombre geográfico como elemento de entrada Literatura inglesa
9 (RLIN) 498
700 1# - PUNTO DE ACCESO ADICIONAL--NOMBRE DE PERSONA
Nombre de persona Monterroso, Augusto,
Término indicativo de función/relación tr.
9 (RLIN) 50747
700 1# - PUNTO DE ACCESO ADICIONAL--NOMBRE DE PERSONA
Nombre de persona Flóres, Edmundo,
Término indicativo de función/relación tr.
9 (RLIN) 50748
830 #0 - PUNTO DE ACCESO ADICIONAL DE SERIE-TÍTULO UNIFORME
Título uniforme Popular ;
Designación de volumen o secuencia 156
9 (RLIN) 13374
Existencias
Estado de retiro Estado de pérdida Restricciones de uso No para préstamo Código de colección Localización permanente Ubicación/localización actual Ubicación en estantería Fecha de adquisición Número de inventario Total de préstamos Signatura topográfica completa Código de barras Fecha visto por última vez Precio válido a partir de Tipo de ítem Koha Número de copia
        Monografías: Libros y Folletos Patrimonio Dominicano Patrimonio Dominicano En catalogación 03.02.2011 LF1   824.91 M498m 24734-10 25.06.2020 25.06.2020 Préstamo en sala  
      Préstamo restrigido Monografías: Libros y Folletos Patrimonio Dominicano Patrimonio Dominicano En catalogación 03.03.2011 LF1   824.91 M498m 24734-20 25.06.2020 25.06.2020 Préstamo en sala e. 2

Con tecnología Koha